| 000 | 00484nam a22001577a 4500 | ||
|---|---|---|---|
| 008 | 150311b xxu||||| |||| 00| 0 eng d | ||
| 050 | _aQH431.M3613 | ||
| 100 |
_aMedvedev, Z.A _916238 |
||
| 245 |
_aThe Rise and fall of T.D. Lysenko _c/by Zhores A. Lysenko |
||
| 260 |
_aNew York _bAnchor books _c1971 |
||
| 300 |
_axvii,300p. ; _c19cm. |
||
| 650 |
_aLysenkoTrofim _916239 |
||
| 650 |
_aGenetics _914696 |
||
| 700 |
_aI. Michael Lerner (trans.) _916240 |
||
| 942 |
_2lcc _cMONOGRAPH |
||
| 999 |
_c122414 _d122414 |
||